Scientific controversies : case studies in the resolution and closure of disputes in science and technology / (Record no. 80362)

MARC details
000 -LEADER
fixed length control field 01300nam a2200265 a 4500
008 - FIXED-LENGTH DATA ELEMENTS--GENERAL INFORMATION
fixed length control field 060316s1987 ||||||||||||||||| || u
020 ## - INTERNATIONAL STANDARD BOOK NUMBER
International Standard Book Number 0521255651
020 ## - INTERNATIONAL STANDARD BOOK NUMBER
International Standard Book Number 0521275601
050 ## - LIBRARY OF CONGRESS CALL NUMBER
Classification number Q 181 Sci
100 ## - MAIN ENTRY--PERSONAL NAME
Personal name Engelhardt, H. Tristram (Hugo Tristram), 1941-
245 10 - TITLE STATEMENT
Title Scientific controversies : case studies in the resolution and closure of disputes in science and technology /
Statement of responsibility, etc. edited by H. Tristram Engelhardt, Jr.
260 ## - PUBLICATION, DISTRIBUTION, ETC.
Place of publication, distribution, etc. Cambridge:
Name of publisher, distributor, etc. Cambridge University Press
Date of publication, distribution, etc. 1987.
300 ## - PHYSICAL DESCRIPTION
Extent x, 639 p.
350 ## -
-- 0.00
500 ## - GENERAL NOTE
General note Includes bibliographical references and index.
650 ## - SUBJECT ADDED ENTRY--TOPICAL TERM
Topical term or geographic name entry element SCIENCE--PHILOSOPHY--CASE STUDIES
650 ## - SUBJECT ADDED ENTRY--TOPICAL TERM
Topical term or geographic name entry element TECHNOLOGY--SOCIAL ASPECTS--CASE STUDIES
650 ## - SUBJECT ADDED ENTRY--TOPICAL TERM
Topical term or geographic name entry element TECHNOLOGY--PHILOSOPHY--CASE STUDIES
650 ## - SUBJECT ADDED ENTRY--TOPICAL TERM
Topical term or geographic name entry element SCIENCE--SOCIAL ASPECTS--CASE STUDIES
700 ## - ADDED ENTRY--PERSONAL NAME
Personal name Caplan, Arthur L
856 ## - ELECTRONIC LOCATION AND ACCESS
Uniform Resource Identifier http://www.loc.gov/catdir/toc/cam021/84028480.html
856 ## - ELECTRONIC LOCATION AND ACCESS
Uniform Resource Identifier http://www.loc.gov/catdir/description/cam022/84028480.html
995 ## -
-- MAIN LIBRARY OPEN ACCESS
-- 0.00
-- 730314
-- CBU-MAIN LIBRARY (Kitwe)
-- 2
-- 50.00
-- Q 181 Sci
-- 2
-- AVAILABLE
-- 027324
-- Main Library Open Access Collection
995 ## -
-- MAIN LIBRARY OPEN ACCESS
-- 0.00
-- 727964
-- CBU-MAIN LIBRARY (Kitwe)
-- 1
-- 50.00
-- Q 181 Sci
-- 1
-- AVAILABLE
-- 025804
-- Main Library Open Access Collection
999 ## -
-- 80362
-- 80362
Holdings
Withdrawn status Lost status Source of classification or shelving scheme Damaged status Not for loan Permanent Location Current Location Shelving location Date acquired Total Checkouts Full call number Barcode Date last seen Copy number Price effective from Koha item type
          CBU-MAIN LIBRARY, KITWE. CBU-MAIN LIBRARY, KITWE.   06/29/2023   Q 181 Sci 027324 06/29/2023 1 06/29/2023 MONOGRAPH
          CBU-MAIN LIBRARY, KITWE. CBU-MAIN LIBRARY, KITWE.   06/29/2023   Q 181 Sci 025804 06/29/2023 2 06/29/2023 MONOGRAPH